| 000 | 00470nam a2200157Ia 4500 | ||
|---|---|---|---|
| 003 | SGT | ||
| 020 | _a9788121903455 | ||
| 082 |
_a510.2462 _bDAS |
||
| 100 | _aDass,H.K | ||
| 245 | _aAdvanced engineering mathematics | ||
| 260 |
_bS.Chand _aN.Delhi _c2010 |
||
| 300 | _a1358p. | ||
| 650 | _aMATHEMATICS ENGINEERING | ||
| 653 | _aPARTIAL DIFFERENTIATION, MULTIPLE INTEGRAL, DIFFERENTIAL EQUATIONS, DETERMINANTS AND MATRICES, VECTORS, COMPLEX NUMBERS | ||
| 942 |
_2ddc _cBK _029 |
||
| 999 |
_c5175 _d5175 |
||